| 000 | 004910000a22001210004500 | ||
|---|---|---|---|
| 090 |
_aAS _bSeriadas |
||
| 245 | 1 | 0 | _aFlujo de nitrógeno y detritus en una quebrada de bosque seco tropical (río Pescador, Norte del Valle del Cauca) |
| 246 | 3 | _aNitrogen and detritus fluxes in a tropical dry-forested stream (Pescador river, Northern Valle del Cauca) | |
| 041 | 0 | _aEspañol | |
| 100 | 1 |
_aBlanco, Juan Felipe _937208 |
|
| 942 | _cARTICULO | ||
| 773 | 1 |
_tActualidades Biológicas _h76 _q49-58 _d2002 _g24 |
|
| 999 |
_c15448 _d15448 |
||